000
00263nam a22001217a 4500
008
181205b xxu||||| |||| 00| 0 eng d
041
_a
eng
080
_a
941
100
_a
16
101
_a
his
245
_a
The Wealth Of Nations
_c
Smith.A
942
_2
udc
_c
BK
999
_c
52896
_d
52896